[Event "Cambre op"]
[Site "Cambre"]
[Date "2006.08.13"]
[Round "2"]
[White "Rodriguez Crespo, Eduardo"]
[Black "Kolar, Dejan"]
[Result "0-1"]
[WhiteElo "1904"]
[BlackElo "2196"]
[PlyCount "104"]
[EventDate "2006.08.12"]
[EventType "swiss"]
[EventRounds "7"]
[EventCountry "ESP"]
[SourceTitle "CBM 113 Extra"]
[Source "ChessBase"]
[SourceDate "2006.09.14"]
[SourceVersion "1"]
[SourceVersionDate "2006.09.14"]
[SourceQuality "1"]

1. e4 e6 2. d4 d5 3. Nd2 f5 4. e5 c5 5. c3 Nc6 6. Ndf3 Qb6 7. Bd3 Bd7 8. Ne2 cxd4 9. cxd4 Bb4+ 10. Bd2 Bxd2+ 11. Qxd2 Qb4 12. a3 Qxd2+ 13. Nxd2 Nh6 14. b4 Ke7 15. Nb3 Rhc8 16. f3 a5 17. b5 Nd8 18. a4 b6 19. Kd2 Ra7 20. h3 Ndf7 21. Rac1 Rac7 22. Rxc7 Rxc7 23. Nc3 Rc8 24. Ne2 Be8 25. Rc1 Rxc1 26. Nexc1 Nh8 27. f4 Ng6 28. g3 Kd8 29. Be2 Ng8 30. Ke3 N8e7 31. Nd2 Nh8 32. Nd3 Nf7 33. Ne1 g5 34. Ng2 Ng6 35. Nf3 gxf4+ 36. Nxf4 Nxf4 37. Kxf4 h6 38. g4 fxg4 39. Kxg4 Nh8 40. Bd3 Ke7 41. Nh4 Kf8 42. Kf4 Bh5 43. Bc2 Kg7 44. Kg3 Nf7 45. Ng2 Bg6 46. Bxg6 Kxg6 47. Kg4 h5+ 48. Kf4 Ng5 49. h4 Ne4 50. Ne3 Nc3 51. Nc2 Nxa4 52. Na1 Nc3 0-1